000 01254nam0a22002771 4500
001 v19\rc\1302755
005 20060512105538.7
035 _a(NLR Aleph) 004460971
090 _a4518054
_c4518054
100 _a20060512d1895 |||y0rusy50 ca
101 0 _arus
102 _aRU
105 _ay z |||||
200 1 _aБогослужения в церкви Св. равноапост. Мефодия и Кирилла пр. СПБ Введенской гимназии с Великого поста 1895 года
210 _a[Санкт-Петербург]
_cтип. бр. Шумахер
_dценз. 1895
215 _a1 л.
300 _aВ конце текста авт.: свящ. Самуил Наркевич
532 1 2 _aБогослужения в церкви Святых равноапостольных Мефодия и Кирилла пр. СПБ Введенской гимназии с Великого поста 1895 года
700 1 _aНаркевич
_bС. С.
_gСамуил Семенович
702 0 _aМефодий
_f815-885
_4570
702 0 _aKiril
_f827-869
_3RU\NLR\AUTH\770127370
_4570
801 0 _aRU
_bNLR
_gpsbo
801 1 _aRU
_bProSoft-M
_2rusmarc
852 _aNLR
_j18.197.6.379
942 _cBOOK
980 _aNB